Most Guessed on Sporcle (Geography) Quiz Stats

Quiz Updated Sep 20, 2012

Challenge
Share
Tweet
Embed
Score 0/35 Timer 03:00
10 Plays Today
% Correct
United States of America
98.8%
United States of America
98.7%
China
95.7%
Brazil
94.7%
Brazil
94%
Washington
92.3%
Washington
92.2%
France
92.2%
New York
90.8%
New York
90.8%
New York
90.7%
Australia
90.5%
Australia
89.8%
South Africa
88.7%
South Africa
87.6%
Paris
86.3%
United Kingdom
84.8%
London
80.1%
% Correct
Canada
79.8%
Tokyo
78.2%
Tokyo
77.8%
California
75.9%
California
74.6%
Sydney
70.2%
Japan
70.1%
Japan
69.9%
Cairo
69.5%
Cairo
69.1%
Canberra
59.1%
Rio de Janeiro
46.3%
Lima
43.8%
Puerto Rico
30.8%
Los Angeles County
18.2%
Atlanta
15.2%
South Dakota
6.3%

You're not logged in!

Compare scores with friends on all Sporcle quizzes.
Join for Free
OR
Log In

You Might Also Like...

Show Comments

Extras

Top Quizzes Today


Score Distribution

Your Account Isn't Verified!

In order to create a playlist on Sporcle, you need to verify the email address you used during registration. Go to your Sporcle Settings to finish the process.

Report this User

Report this user for behavior that violates our Community Guidelines.

Details: